[Event "ICS Rated blitz match"]
[Site "207.99.83.227"]
[Date "1999.03.18"]
[Round "?"]
[White "Hossa"]
[Black "Gromit211"]
[Result "0-1"]
[WhiteElo "2433"]
[BlackElo "2664"]
[Annotator "Crafty v16.6"]
[PlyCount "116"]

{annotating for player Hossa using a scoring margin of +0.10 pawns. search
time limit is 12.00} 1. e4 1... e6 2. d4 d5 3. Nc3 Nf6 4. e5 Nfd7 5. Nf3 c5 6.
dxc5 ({7:-0.09} 6. dxc5 6... Bxc5 7. Bb5 a6 8. Be2 Qc7 9. Na4 O-O 10. Nxc5
10... Qxc5 $10) ({7:+0.14} 6. Bb5 6... a6 7. Ba4 b5 8. Bb3 Nc6 9. Bg5 $10) 6...
Nc6 7. Bb5 Bxc5 8. O-O Qc7 9. Na4 Be7 10. Bf4 a6 11. Bxc6 Qxc6 12. Nc3 O-O 13.
Nd4 Qc4 14. a3 b6 15. Qd3 ({9:-0.28} 15. Qd3 15... Qxd3 16. cxd3 Bb7 17. Rac1
Rac8 18. b4 Bh4 19. a4 19... a5 $10) ({9:-0.11} 15. Qd2 15... Bb7 16. Rfd1 Rae8
17. b3 Qc7 18. Qe3 Qc5 19. Qd3 $10) 15... Qxd3 16. cxd3 a5 17. Ncb5 Ba6 18.
Rac1 Rac8 19. Rc3 Rc5 20. Rb3 h5 21. Re1 h4 22. a4 g5 23. Be3 g4 24. Bh6 Re8
25. Kh1 Kh7 26. Bf4 h3 27. gxh3 gxh3 28. Rg1 Rg8 29. f3 Rxg1+ 30. Kxg1 Bh4 31.
Kf1 Nxe5 32. Bxe5 Rc1+ 33. Ke2 Re1+ 34. Kd2 Rxe5 35. f4 Re1 36. Nc7 Bc8 37.
Rxb6 Rf1 38. Rb8 Bd7 39. Ke3 Bxa4 40. Nf3 Bf6 41. d4 Bd1 42. Ng5+ Bxg5 43. fxg5
Rh1 44. Rf8 Kg7 45. Nxe6+ fxe6 46. Rf2 Kg6 47. Kf4 Re1 48. Rd2 Re4+ 49. Kg3 Bg4
50. Rd3 Kxg5 51. Kf2 Re2+ 52. Kg1 Rg2+ 53. Kh1 Kf4 54. Rc3 Bf3 55. b3 Rg4+ 56.
Rxf3+ Kxf3 57. b4 Kf2 58. bxa5 Rg1# 0-1

[Event "ICS rated bullet match"]
[Site "207.99.83.227"]
[Date "1999.03.18"]
[Round "?"]
[White "NacireddinHodja"]
[Black "Hossa"]
[Result "0-1"]
[WhiteElo "2094"]
[BlackElo "2368"]
[PlyCount "56"]

1. d4 Nf6 2. c4 g6 3. Nf3 Bg7 4. Nc3 O-O 5. e4 c5 6. h3 cxd4 7. Nxd4 d6 8. Be3
Nc6 9. Be2 Nxd4 10. Bxd4 b6 11. O-O Be6 12. b3 Rc8 13. f4 Qe8 14. Bf3 Qd7 15.
Qe2 Rc7 16. Rae1 Rfc8 17. Nd5 Nxd5 18. exd5 Bxd4+ 19. Kh2 Bf5 20. g4 Bf6 21.
gxf5 gxf5 22. Rg1+ Kh8 23. Bh5 Bc3 24. Ref1 Bd4 25. Rg2 e6 26. Rf3 Qe7 27. Rfg3
e5 28. fxe5 28... Bxe5 {NacireddinHodja resigns} 0-1

[Event "ICS rated bullet match"]
[Site "207.99.83.227"]
[Date "1999.03.18"]
[Round "?"]
[White "Hossa"]
[Black "FifthAvenue"]
[Result "1-0"]
[WhiteElo "2373"]
[BlackElo "2433"]
[PlyCount "125"]

1. e4 e6 2. d4 d6 3. Nc3 Be7 4. Nf3 a6 5. Bc4 Nd7 6. O-O c5 7. d5 e5 8. Rb1 b5
9. Bd3 Ngf6 10. a3 O-O 11. Be3 Nb6 12. Rc1 Qc7 13. Be2 Bd7 14. Qe1 Rab8 15. Nd2
c4 16. Rd1 Bg4 17. Bxg4 Nxg4 18. Qe2 Nxe3 19. fxe3 h6 20. Rf5 Nd7 21. Ra1 Nc5
22. Raf1 a5 23. Qf3 Bg5 24. Qg3 b4 25. axb4 axb4 26. Ne2 c3 27. bxc3 bxc3 28.
Nxc3 Nd7 29. Ndb1 Qc5 30. R5f3 Be7 31. Qg4 Nf6 32. Qf5 Kh8 33. Kh1 Rb4 34. Rd1
Rc4 35. Rd3 Qb4 36. Rf1 Qb2 37. Qf2 Rfc8 38. Qd2 Qb4 39. Qe1 Qc5 40. Qg3 Qc7
41. h3 Qa5 42. Qe1 Qb4 43. h4 Qb8 44. Na3 Ng8 45. Nxc4 Rxc4 46. Rxf7 Bf6 47.
Rd7 Qc8 48. Rxd6 Qb7 49. Re6 Qb4 50. Qd2 Rxc3 51. Qxc3 Qxe4 52. Qe1 Bxh4 53.
Qe2 Bf6 54. Kg1 Qh7 55. e4 Qg6 56. c4 Kh7 57. c5 Ne7 58. c6 Nxd5 59. exd5 Bg5
60. Rxg6 Bf6 61. Rxf6 gxf6 62. Rg3 h5 63. Qxh5# {FifthAvenue checkmated} 1-0

[Event "ICS rated blitz match"]
[Site "207.99.83.227"]
[Date "1999.03.18"]
[Round "?"]
[White "Hossa"]
[Black "MarvinMartian"]
[Result "1-0"]
[WhiteElo "2426"]
[BlackElo "2175"]
[PlyCount "123"]

1. e4 c5 2. Bc4 a6 3. Nc3 b5 4. Bxf7+ Kxf7 5. Qh5+ g6 6. Qd5+ e6 7. Qxa8 Nc6 8.
Nf3 h6 9. O-O b4 10. Na4 Qc7 11. Nh4 Nge7 12. Nxc5 Qb6 13. d4 d6 14. Na4 Qc7
15. Bf4 g5 16. Bxd6 Qxd6 17. Nf3 Qc7 18. d5 exd5 19. exd5 Nxd5 20. Qxc6 Qxc6
21. Ne5+ Kg7 22. Nxc6 Bd7 23. Nxb4 Nxb4 24. Nb6 Bf5 25. c4 Bc5 26. Na4 Bd4 27.
Rad1 Rd8 28. Nc5 a5 29. Nb7 Rd7 30. Nxa5 Nd3 31. b3 Rf7 32. Nc6 Bc5 33. Rd2 Be4
34. Nd8 Rf6 35. Nb7 Bd4 36. c5 h5 37. Nd6 Bg6 38. Ne8+ Bxe8 39. Rxd3 Bxc5 40.
Rd5 Ba3 41. Rxg5+ Bg6 42. g4 hxg4 43. Rxg4 Kh6 44. Kg2 Bh5 45. Ra4 Bf3+ 46. Kh3
Bd6 47. Rh4+ Kg5 48. Rg1+ Kf5 49. Rg8 Bc5 50. Kg3 Ke6 51. Re8+ Kf7 52. Rd8 Ke7
53. Rd2 Bd6+ 54. Rxd6 Kxd6 55. Rf4 Rxf4 56. Kxf4 Bd1 57. h3 Bc2 58. Kg5 Ke5 59.
f4+ Ke6 60. b4 Kf7 61. b5 Be4 62. a4 {MarvinMartian resigns} 1-0

[Event "ICS rated blitz match"]
[Site "207.99.83.227"]
[Date "1999.03.18"]
[Round "?"]
[White "Hossa"]
[Black "MarvinMartian"]
[Result "1-0"]
[WhiteElo "2432"]
[BlackElo "2169"]
[PlyCount "29"]

1. e4 c5 2. Bc4 a6 3. Nc3 b5 4. Bxf7+ Kxf7 5. Qh5+ g6 6. Qd5+ e6 7. Qxa8 Nc6 8.
Nf3 h6 9. O-O Qc7 10. d4 b4 11. Bf4 d6 12. dxc5 e5 13. cxd6 Bxd6 14. Nd5 Qd7
15. Nb6 {MarvinMartian resigns} 1-0

[Event "ICS rated blitz match"]
[Site "207.99.83.227"]
[Date "1999.03.18"]
[Round "?"]
[White "Hossa"]
[Black "MarvinMartian"]
[Result "1-0"]
[WhiteElo "2438"]
[BlackElo "2163"]
[PlyCount "23"]

1. e4 c5 2. Bc4 a6 3. Nc3 b5 4. Bxf7+ Kxf7 5. Qh5+ g6 6. Qd5+ e6 7. Qxa8 Nc6 8.
Nf3 h6 9. O-O Qc7 10. d4 b4 11. Bf4 Qb6 12. Qxc8 {MarvinMartian resigns} 1-0

[Event "ICS rated blitz match"]
[Site "207.99.83.227"]
[Date "1999.03.18"]
[Round "?"]
[White "Hossa"]
[Black "MarvinMartian"]
[Result "1-0"]
[WhiteElo "2443"]
[BlackElo "2158"]
[PlyCount "33"]

1. e4 c5 2. Bc4 a6 3. Nc3 b5 4. Bxf7+ Kxf7 5. Qh5+ g6 6. Qd5+ e6 7. Qxa8 Nc6 8.
Nf3 h6 9. O-O Nge7 10. d3 Qc7 11. a4 b4 12. Nb5 axb5 13. axb5 Bb7 14. Bf4 Qxf4
15. Qxb7 Nd4 16. Nxd4 cxd4 17. Qxd7 {MarvinMartian resigns} 1-0

[Event "ICS rated blitz match"]
[Site "207.99.83.227"]
[Date "1999.03.18"]
[Round "?"]
[White "Hossa"]
[Black "MarvinMartian"]
[Result "1-0"]
[WhiteElo "2448"]
[BlackElo "2153"]
[PlyCount "31"]

1. e4 c5 2. Bc4 a6 3. Nc3 b5 4. Bxf7+ Kxf7 5. Qh5+ g6 6. Qd5+ e6 7. Qxa8 Nc6 8.
Nf3 h6 9. O-O Nge7 10. d3 Qb6 11. Be3 d6 12. b4 Bb7 13. bxc5 Qc7 14. cxd6 Qd7
15. Qa7 Nxa7 16. Ne5+ {MarvinMartian resigns} 1-0

[Event "ICS rated bullet match"]
[Site "207.99.83.227"]
[Date "1999.03.18"]
[Round "?"]
[White "Hossa"]
[Black "Platon"]
[Result "1-0"]
[WhiteElo "2392"]
[BlackElo "2258"]
[PlyCount "99"]

1. e4 c6 2. Nc3 a6 3. Nf3 b5 4. d3 d6 5. Be2 g6 6. O-O Bg7 7. Bg5 h6 8. Be3 Nf6
9. a4 Bb7 10. axb5 cxb5 11. Qd2 Ng4 12. Bf4 g5 13. Bg3 Nf6 14. Nd4 e6 15. Bf3
Nc6 16. e5 Nxd4 17. Bxb7 dxe5 18. Bxa8 Qxa8 19. Bxe5 b4 20. Bxd4 bxc3 21. bxc3
O-O 22. c4 Qc6 23. Qa5 Ra8 24. c3 Nd7 25. Bxg7 Kxg7 26. f4 Nc5 27. fxg5 hxg5
28. Rf3 f6 29. Raf1 Nd7 30. Rh3 Rh8 31. Rxh8 Kxh8 32. Ra1 Kg7 33. Qxa6 Qxa6 34.
Rxa6 Nc5 35. Ra7+ Kg6 36. d4 Ne4 37. c5 Nxc3 38. c6 Nd5 39. Rd7 Nb6 40. Rd6 Kf5
41. c7 Nc8 42. Rd8 Nb6 43. Rb8 Nd7 44. Rb5+ Kg6 45. c8=Q Nf8 46. Qxf8 f5 47.
Qg8+ Kh5 48. Qh7+ Kg4 49. Qh3+ Kf4 50. Qf3# {Platon checkmated} 1-0

[Event "ICS rated blitz match"]
[Site "207.99.83.227"]
[Date "1999.03.18"]
[Round "?"]
[White "bookbuilder"]
[Black "Hossa"]
[Result "1-0"]
[WhiteElo "2562"]
[BlackElo "2453"]
[Annotator "Crafty v16.6"]
[PlyCount "76"]

{annotating for player Hossa using a scoring margin of +0.10 pawns. search
time limit is 12.00} 1. e4 1... d6 2. Nc3 Nf6 3. Nf3 e5 4. Bc4 Be7 5. O-O Nc6
6. a3 Bg4 7. h3 Bh5 8. Be2 O-O ({9:-0.75} 8... O-O 9. g4 Bg6 10. Nh4 d5 11.
Nxg6 hxg6 12. exd5 Nxd5 13. Nxd5 Qxd5 14. Re1 $16) ({9:-0.09} 8... Bxf3 9. Bxf3
Nd4 10. d3 O-O 11. Re1 Nxf3+ 12. Qxf3 Qd7 13. Bg5 Nd5 14. Qf5 Qxf5 15. exf5 $10
) 9. b4 Bg6 10. d3 Nd4 11. Nxd4 exd4 12. Nb1 Ne8 ({8:-0.18} 12... Ne8 13. Bh5
Bxh5 14. Qxh5 Nf6 15. Qf5 Qc8 16. Qxc8 Raxc8 17. Bg5 $10) ({8:+0.05} 12... a5
13. h4 h5 14. Bb2 axb4 15. axb4 Rxa1 16. Bxa1 d5 17. Bxd4 17... dxe4 $10) 13.
Bb2 c5 14. c3 dxc3 15. Nxc3 Nf6 16. h4 cxb4 17. axb4 Qb6 18. h5 Qxb4 19. Qc2
Bxe4 20. dxe4 Rfc8 21. Ra4 Qb6 22. h6 gxh6 23. Qd2 Rc5 24. Rd4 Rg5 25. Bc4 Rc8
26. Nd5 Nxd5 27. Bxd5 Rc5 28. Rb4 Qd8 29. Rxb7 a6 30. Qd4 Re5 31. f4 Bf6 32.
fxe5 Bxe5 33. Qf2 Rc7 34. Rxc7 Qxc7 35. Bxf7+ Kf8 36. Bd5+ Bf4 37. Qxf4+ Ke7
38. Qf8+ Kd7 1-0

[Event "ICS rated bullet match"]
[Site "207.99.83.227"]
[Date "1999.03.18"]
[Round "?"]
[White "newfisher"]
[Black "Hossa"]
[Result "0-1"]
[WhiteElo "2086"]
[BlackElo "2402"]
[PlyCount "70"]

1. d4 Nf6 2. Nf3 e6 3. e3 Be7 4. Bd3 O-O 5. c3 d5 6. Nbd2 b6 7. Qe2 Bb7 8. O-O
Bd6 9. e4 Nxe4 10. Nxe4 dxe4 11. Bxe4 Bxe4 12. Qxe4 Nd7 13. Bg5 Be7 14. Bxe7
Qxe7 15. Ne5 Nxe5 16. dxe5 Rad8 17. f4 Rd2 18. Rf2 Qc5 19. Qf3 Rxb2 20. Raf1
Rxa2 21. Kh1 Rxf2 22. Rxf2 Rd8 23. Rf1 a5 24. h4 a4 25. h5 Qd5 26. Qg3 Qc4 27.
Rf3 Rd1+ 28. Kh2 a3 29. h6 g6 30. Qg5 a2 31. Qf6 Kf8 32. Qg7+ Ke8 33. Qg8+ Ke7
34. Qg7 a1=Q 35. Qxf7+ 35... Kxf7 {newfisher resigns} 0-1

[Event "ICS rated bullet match"]
[Site "207.99.83.227"]
[Date "1999.03.18"]
[Round "?"]
[White "Tim"]
[Black "Hossa"]
[Result "1-0"]
[WhiteElo "2207"]
[BlackElo "2414"]
[Annotator "Crafty v16.6"]
[PlyCount "45"]

{annotating for player Hossa using a scoring margin of +0.10 pawns. search
time limit is 12.00} 1. d4 1... Nf6 2. f3 d5 3. e4 dxe4 4. Nc3 exf3 5. Nxf3 Bg4
6. h3 Bxf3 ({8:+0.19} 6... Bxf3 7. Qxf3 c6 8. Be3 e6 9. O-O-O Bb4 10. Ne4 10...
Nbd7 $10) ({8:+0.66} 6... Bf5 7. Nh4 Bd7 8. Bf4 Nc6 9. Bb5 Nb4 10. Nf5 Bxb5 11.
Nxb5 $15) 7. Qxf3 Nc6 ({9:-0.69} 7... Nc6 8. Bb5 Rb8 9. Bf4 Qxd4 10. Bxc7 Rc8
11. Bxc6+ bxc6 12. Qxc6+ Nd7 13. g3 $14) ({9:+0.30} 7... c6 8. Be3 e6 9. O-O-O
Bb4 10. Ne4 Nxe4 11. Qxe4 Qd5 12. Qxd5 12... cxd5 $10) 8. Bb5 Qd6 9. d5 a6 10.
Bf4 Qb4 ({8:-3.29} 10... Qb4 11. dxc6 b6 12. a3 Qxb2 13. Ra2 Qxa2 14. Nxa2 axb5
15. Bxc7 $18) ({8:-0.59} 10... Qc5 11. b4 Qxb4 12. dxc6 axb5 13. cxb7 Rb8 14.
Qc6+ Nd7 15. Bxc7 $14) 11. O-O-O axb5 12. dxc6 Qc5 ({8:-4.59} 12... Qc5 13.
Nxb5 Qxb5 14. cxb7 Rb8 15. Bxc7 Ne4 16. Bxb8 Qxb7 17. Be5 $18) ({8:-1.65} 12...
b6 13. Bxc7 e6 14. Qd3 Bc5 15. a3 Qc4 16. Qd8+ Rxd8 17. Rxd8+ Ke7 18. Rxh8 $18)
13. cxb7 Rb8 14. Be3 Qc4 15. Rd4 Qe6 16. Rhd1 c6 17. Rd8+ Rxd8 18. Rxd8+ Kxd8
19. b8=Q+ Qc8 20. Qxc8+ Kxc8 21. Qxc6+ Kb8 22. Nxb5 e5 23. Ba7# 1-0

[Event "ICS rated bullet match"]
[Site "207.99.83.227"]
[Date "1999.03.18"]
[Round "?"]
[White "Hossa"]
[Black "Sergey"]
[Result "1-0"]
[WhiteElo "2389"]
[BlackElo "2228"]
[PlyCount "47"]

1. e4 c5 2. Bc4 d6 3. Nf3 Nf6 4. e5 dxe5 5. Nxe5 e6 6. O-O Bd6 7. d4 cxd4 8.
Qxd4 O-O 9. Rd1 Bc7 10. Qxd8 Rxd8 11. Rxd8+ Bxd8 12. Bf4 Bc7 13. Nc3 Nbd7 14.
Nxd7 Bxf4 15. Nxf6+ gxf6 16. Rd1 Be5 17. Rd8+ Kg7 18. Nb5 b6 19. Nd6 Bxd6 20.
Rxd6 Bb7 21. Bxe6 Kg6 22. Bxf7+ Kf5 23. c4 Rc8 24. Be6+ {Sergey resigns} 1-0

[Event "ICS rated blitz match"]
[Site "207.99.83.227"]
[Date "1999.03.18"]
[Round "?"]
[White "Hossa"]
[Black "bine"]
[Result "0-1"]
[WhiteElo "2432"]
[BlackElo "2208"]
[Annotator "Crafty v16.6"]
[PlyCount "132"]

{annotating for player Hossa using a scoring margin of +0.10 pawns. search
time limit is 12.00} 1. e4 1... c5 2. Bc4 Nc6 3. Nf3 e6 4. O-O Nf6 5. e5 d5 6.
exf6 dxc4 7. fxg7 Bxg7 8. Na3 Qd5 9. Nb5 ({9:+0.44} 9. Nb5 9... Qd7 10. Re1 Nb4
11. Nc3 Qd6 12. Ne4 Qd5 13. Nfg5 $14) ({9:+0.57} 9. Qe2 9... Na5 10. Nb5 Qd7
11. a4 Qd8 12. Ne5 a6 13. Nc3 $14) 9... Qd7 10. Re1 a6 11. Na3 ({8:+0.30} 11.
Na3 11... Qd5 12. Qe2 b5 13. Qe4 Qxe4 14. Rxe4 Bb7 15. Ng5 $10) ({8:+0.49} 11.
Nc3 11... Qd6 12. d3 cxd3 13. Ne4 Qd5 14. Qxd3 Qxd3 15. cxd3 $14) 11... b5 12.
Ng5 Bb7 13. Qh5 Rf8 14. Nxe6 Be5 15. Nxf8 Kxf8 16. Qxh7 Re8 17. Qh6+ Kg8 18.
Qg5+ Kf8 19. Re3 Bd4 20. Qh6+ Bg7 21. Qh5 Ne5 22. h3 b4 23. Nb1 Qd5 24. f3 Qd4
25. c3 Qd6 26. cxb4 Nxf3+ 27. Kf2 Bd4 28. bxc5 Qh2 29. Qh6+ Kg8 30. c6 Bxe3+
31. dxe3 Re6 32. Qf4 Qg1+ 33. Kxf3 Bxc6+ 34. Ke2 Qxc1 35. Qg5+ Kf8 36. Qd8+ Kg7
37. Qd2 Qg1 38. Qd4+ Rf6 39. g3 Qg2+ 40. Kd1 Bf3+ 41. Kc1 Be4 42. Na3 Kg6 43.
Qd1 Rf1 44. Qxf1 Qxf1+ 45. Kd2 Qd3+ 46. Ke1 Qxe3+ 47. Kf1 Qf3+ 48. Ke1 Qxg3+
49. Ke2 c3 50. bxc3 Qd3+ 51. Kf2 Qf3+ 52. Ke1 Qxc3+ 53. Ke2 Qxa1 54. Nc4 Qd4
55. Nd2 Qd3+ 56. Ke1 Bf3 57. Nxf3 Qxf3 58. h4 Kf5 59. h5 Ke4 60. Kd2 Kd4 61.
Kc2 Qf2+ 62. Kb3 Qe3+ 63. Ka4 Qc3 64. h6 Kc5 65. a3 Qc4+ 66. Ka5 Qb5# 0-1

[Event "ICS rated blitz match"]
[Site "207.99.83.227"]
[Date "1999.03.18"]
[Round "?"]
[White "Hossa"]
[Black "RubenB"]
[Result "1-0"]
[WhiteElo "2407"]
[BlackElo "2190"]
[PlyCount "34"]

1. e4 e6 2. d4 d5 3. Nc3 Bb4 4. exd5 exd5 5. Bd3 Bxc3+ 6. bxc3 Nf6 7. Ne2 h6 8.
Ba3 Nc6 9. O-O Ne7 10. c4 O-O 11. cxd5 Nfxd5 12. c4 Nf6 13. Re1 Re8 14. d5 Nf5
15. Qc2 Nd6 16. Rab1 Nde4 17. Nd4 17... b6 {RubenB resigns} 1-0

[Event "ICS rated bullet match"]
[Site "207.99.83.227"]
[Date "1999.03.18"]
[Round "?"]
[White "Takoeba"]
[Black "Hossa"]
[Result "0-1"]
[WhiteElo "2102"]
[BlackElo "2398"]
[PlyCount "52"]

1. e4 d6 2. d4 Nf6 3. Nc3 Nbd7 4. f4 e6 5. Nf3 Be7 6. Bd3 O-O 7. O-O b6 8. Qe2
Bb7 9. Kh1 Qe8 10. Rg1 Rc8 11. g4 c5 12. g5 Nh5 13. Be3 f5 14. e5 c4 15. Bxc4
Rxc4 16. Qxc4 Bxf3+ 17. Rg2 Bxg2+ 18. Kxg2 d5 19. Qd3 Qg6 20. Rg1 Rc8 21. Kh1
Nb8 22. Ne2 Nc6 23. c3 Bd8 24. b4 Ne7 25. b5 Rc4 26. Nc1 26... Qe8 {
Takoeba resigns} 0-1

[Event "ICS rated blitz match"]
[Site "207.99.83.227"]
[Date "1999.03.18"]
[Round "?"]
[White "hnishy"]
[Black "Hossa"]
[Result "0-1"]
[WhiteElo "2197"]
[BlackElo "2414"]
[PlyCount "52"]

1. d4 Nf6 2. Nf3 e6 3. c4 Be7 4. g3 d5 5. Bg2 dxc4 6. Qa4+ Nbd7 7. Qxc4 Nb6 8.
Qb3 O-O 9. O-O Bd7 10. Ne5 Ba4 11. Qd3 Nfd5 12. a3 Nd7 13. e4 Nxe5 14. dxe5 Nf4
15. Qxd8 Ne2+ 16. Kh1 Raxd8 17. Be3 Rd7 18. Re1 c5 19. Nd2 Nd4 20. Bxd4 cxd4
21. Bf1 Rc7 22. Rac1 Rfc8 23. Rxc7 Rxc7 24. Bc4 Bc2 25. Rc1 Bd3 26. a4 26...
Bb4 {hnishy resigns} 0-1

[Event "ICS rated blitz match"]
[Site "207.99.83.227"]
[Date "1999.03.18"]
[Round "?"]
[White "Hossa"]
[Black "rodnaya"]
[Result "1-0"]
[WhiteElo "2421"]
[BlackElo "2207"]
[PlyCount "27"]

1. e4 d5 2. exd5 Nf6 3. Bb5+ Nbd7 4. c4 a6 5. Ba4 b5 6. cxb5 Nxd5 7. Nc3 Nb4 8.
d4 axb5 9. Bxb5 e6 10. Nf3 Bd6 11. O-O O-O 12. a3 Bb7 13. Bg5 Nf6 14. axb4 {
rodnaya resigns} 1-0

[Event "ICS rated blitz match"]
[Site "207.99.83.227"]
[Date "1999.03.18"]
[Round "?"]
[White "MarvinMartian"]
[Black "Hossa"]
[Result "0-1"]
[WhiteElo "2129"]
[BlackElo "2425"]
[PlyCount "110"]

1. e4 d6 2. d4 Nf6 3. Nc3 Nbd7 4. Be3 e5 5. f3 Be7 6. Bc4 O-O 7. Bb3 exd4 8.
Bxd4 Nc5 9. Nge2 Nxb3 10. axb3 a6 11. Qd2 Be6 12. Nf4 Bd7 13. Nfd5 Nxd5 14.
Nxd5 Bh4+ 15. g3 Bg5 16. f4 Bh6 17. O-O-O Bg4 18. Rde1 Re8 19. Qc3 Rc8 20. h3
Be6 21. Ne3 c5 22. Ng4 cxd4 23. Qd3 Bxg4 24. hxg4 Qa5 25. Kb1 d5 26. e5 Qb5 27.
g5 Qxd3 28. cxd3 Bxg5 29. fxg5 Re6 30. Re2 Rce8 31. Rhe1 Rg6 32. Ka2 Rxg5 33.
e6 Rxe6 34. Rxe6 fxe6 35. Rxe6 Rxg3 36. Re7 Rxd3 37. Rxb7 g5 38. Rd7 g4 39.
Rxd5 g3 40. Rg5+ Kf7 41. Kb1 Kf6 42. Rg8 Rxb3 43. Kc2 Re3 44. Kd2 a5 45. Rg4
Rf3 46. Rg8 Kf7 47. Rg4 Ke6 48. Ke2 Re3+ 49. Kf1 d3 50. Rd4 h6 51. Kg1 Ke5 52.
Rd8 Kf4 53. Rf8+ Kg4 54. Rg8+ Kh3 55. Rd8 55... Re1# {MarvinMartian checkmated}
0-1

[Event "ICS rated blitz match"]
[Site "207.99.83.227"]
[Date "1999.03.19"]
[Round "?"]
[White "Hossa"]
[Black "razzle"]
[Result "0-1"]
[WhiteElo "2430"]
[BlackElo "2702"]
[Annotator "Crafty v16.6"]
[PlyCount "83"]

{annotating for player Hossa using a scoring margin of +0.10 pawns. search
time limit is 12.00} 1. e4 1... e5 2. Nf3 Nc6 3. Bb5 Bc5 4. d3 ({9:-0.15} 4. d3
4... Nge7 5. O-O O-O 6. Bg5 Nd4 7. Nxd4 Bxd4 8. Nc3 8... Re8 $10) ({9:+0.01} 4.
O-O 4... Nge7 5. c3 O-O 6. d4 Bd6 7. Bg5 exd4 8. Nxd4 Re8 9. Nxc6 9... dxc6 $10
) 4... d6 5. Be3 ({8:-0.31} 5. Be3 5... Bxe3 6. fxe3 Nf6 7. Nc3 O-O 8. Qe2 a6
9. Bxc6 9... bxc6 $15) ({8:+0.18} 5. Nc3 5... Nge7 6. Na4 O-O 7. Nxc5 dxc5 8.
O-O Nd4 9. Bc4 $10) 5... Bxe3 6. fxe3 Bd7 7. a3 ({9:-0.49} 7. a3 7... Nf6 8.
Nc3 O-O 9. Qe2 a6 10. Bxc6 Bxc6 11. O-O-O 11... Qe7 $15) ({9:-0.14} 7. Nc3 7...
Na5 8. Bxd7+ Qxd7 9. Rf1 O-O-O 10. Qd2 Nf6 11. O-O-O Kb8 12. Kb1 $10) 7... Qe7
8. Nc3 O-O-O 9. Nd5 ({9:-0.51} 9. Nd5 9... Qe8 10. Qd2 Nce7 11. Bxd7+ Qxd7 12.
Nxe7+ Nxe7 13. O-O-O Kb8 14. Kb1 Qa4 15. Rhf1 $15) ({9:-0.32} 9. Qd2 9... Nf6
10. O-O-O Na5 11. Kb1 Kb8 12. Rhf1 Rhe8 13. d4 Bxb5 14. Nxb5 $15) 9... Qe8 10.
O-O ({8:-1.06} 10. O-O 10... Nce7 11. Bxd7+ Qxd7 12. c4 f5 13. Ng5 fxe4 14.
Nxe4 Nh6 15. Qf3 $17) ({8:-0.39} 10. Qd2 10... Nce7 11. Bxd7+ Qxd7 12. O-O-O
Nxd5 13. exd5 Qa4 14. Qb4 Qxb4 15. axb4 15... Kd7 $15) 10... f5 11. exf5 Bxf5
12. c4 Bd7 13. Qa4 Kb8 14. Ng5 Nh6 15. Nb4 Ne7 16. Ne6 c6 17. Na6+ Kc8 18. Nac7
Qg6 19. Nxd8 Kxc7 20. Qxa7 cxb5 21. Nxb7 Nc8 22. Qa6 bxc4 23. Na5 Qxd3 24. Nxc4
Bc6 25. Rad1 Qe4 26. Rf3 Kd7 27. Na5 Bd5 28. Rd2 Ke6 29. Qb5 Ne7 30. b4 Rc8 31.
Qf1 Rc3 32. Qa1 Rxe3 33. Rf1 Ng4 34. Qb2 Re1 35. h4 Nf5 36. Rdf2 Ng3 37. Qc1
Rxf1+ 38. Qxf1 Nxf1 39. Kxf1 Qb1+ 40. Ke2 Qc2+ 41. Ke1 Qxf2+ 42. Kd1 0-1

[Event "ICS rated bullet match"]
[Site "207.99.83.227"]
[Date "1999.03.19"]
[Round "?"]
[White "Hossa"]
[Black "Lleeper"]
[Result "1-0"]
[WhiteElo "2403"]
[BlackElo "2244"]
[PlyCount "115"]

1. e4 Nf6 2. e5 Nd5 3. Nc3 Nxc3 4. dxc3 Nc6 5. Nf3 a5 6. Bb5 Na7 7. Bc4 c6 8.
Ng5 e6 9. Qh5 g6 10. Qf3 Qe7 11. Ne4 b5 12. Bg5 bxc4 13. Nf6+ Kd8 14. Ne4 f5
15. Bxe7+ Bxe7 16. Nd2 Ba6 17. Qf4 g5 18. Qe3 c5 19. O-O-O Bb5 20. Qe2 Nc6 21.
Nxc4 Na7 22. Qf3 Bc6 23. Qh3 g4 24. Qh5 Nb5 25. Rhg1 h6 26. f4 gxf3 27. gxf3
Kc7 28. Kb1 Kb7 29. Rg7 Bd8 30. f4 Bc7 31. Qf7 Rab8 32. Qe7 Ka6 33. Kc1 Bb6 34.
Nxb6 Kxb6 35. Qf6 Rbf8 36. Qg6 Rb8 37. Rh7 Rxh7 38. Qxh7 Rb7 39. Qxh6 Bf3 40.
Rd2 Ka7 41. Qf8 c4 42. a4 Nc7 43. Qc5+ Kb8 44. Rxd7 Kc8 45. Qe7 Kb8 46. Rd8+
Ka7 47. Qc5+ Rb6 48. Qxc7+ Ka6 49. Qxc4+ Ka7 50. Qc7+ Ka6 51. Rd6 Rxd6 52. exd6
e5 53. fxe5 Be4 54. Qc4+ Kb7 55. d7 Bc6 56. d8=Q f4 57. Qc5 Bxa4 58. Qcb6# {
Lleeper checkmated} 1-0

[Event "ICS rated bullet match"]
[Site "207.99.83.227"]
[Date "1999.03.19"]
[Round "?"]
[White "Tim"]
[Black "Hossa"]
[Result "1-0"]
[WhiteElo "2233"]
[BlackElo "2412"]
[Annotator "Crafty v16.6"]
[PlyCount "52"]

{annotating for player Hossa using a scoring margin of +0.10 pawns. search
time limit is 12.00} 1. d4 1... Nf6 2. f3 d5 3. e4 dxe4 4. Nc3 exf3 5. Nxf3 Bg4
6. h3 Bf5 7. Ne5 e6 8. g4 Ne4 9. Bb5+ c6 10. O-O Nxc3 11. bxc3 cxb5 ({8:+0.30} 
11... cxb5 12. gxf5 Nc6 13. Nxc6 bxc6 14. fxe6 f6 15. Qh5+ g6 16. Qg4 $10) ({
8:+0.67} 11... Bg6 12. Qf3 Qc7 13. Nxg6 hxg6 14. Bf4 Qe7 15. Bc4 Nd7 16. Rae1
$15) 12. gxf5 Qd5 13. fxe6 fxe6 14. Qh5+ g6 15. Qh4 Be7 16. Bg5 Bxg5 17. Qxg5
Rf8 18. Rxf8+ Kxf8 19. Qf6+ Ke8 20. Rf1 Qxe5 21. dxe5 Nd7 22. Qh8+ Ke7 23. Qxa8
g5 24. Qxb7 Ke8 25. Qxa7 g4 26. hxg4 b4 1-0

[Event "ICS rated bullet match"]
[Site "207.99.83.227"]
[Date "1999.03.19"]
[Round "?"]
[White "Hossa"]
[Black "Takoeba"]
[Result "1-0"]
[WhiteElo "2388"]
[BlackElo "2097"]
[PlyCount "27"]

1. e4 c5 2. Bc4 d6 3. Nf3 e5 4. O-O Be7 5. Nc3 Nc6 6. Nd5 f6 7. d3 g5 8. Ne1 h5
9. Be3 Bg4 10. Nf3 Qd7 11. Bb5 a6 12. Nb6 Qc8 13. Nxc8 Rxc8 14. Bc4 {
Takoeba resigns} 1-0

[Event "ICS rated bullet match"]
[Site "207.99.83.227"]
[Date "1999.03.19"]
[Round "?"]
[White "Tim"]
[Black "Hossa"]
[Result "0-1"]
[WhiteElo "2262"]
[BlackElo "2393"]
[PlyCount "46"]

1. d4 Nf6 2. f3 d5 3. e4 dxe4 4. Nc3 exf3 5. Nxf3 Bg4 6. h3 Bf5 7. Ne5 e6 8. g4
Ne4 9. Bb5+ c6 10. O-O Nxc3 11. bxc3 Bg6 12. Bd3 Nd7 13. Nxg6 hxg6 14. Qf3 Qf6
15. Bf4 Nb6 16. a4 O-O-O 17. Qg3 Qe7 18. a5 Nd5 19. a6 b5 20. c4 Nxf4 21. Qxf4
Rxh3 22. cxb5 Qh4 23. Kg2 23... Rxd4 {Tim resigns} 0-1

[Event "ICS rated blitz match"]
[Site "207.99.83.227"]
[Date "1999.03.19"]
[Round "?"]
[White "Lancelot"]
[Black "Hossa"]
[Result "0-1"]
[WhiteElo "2238"]
[BlackElo "2445"]
[PlyCount "56"]

1. e4 e5 2. Nf3 Nc6 3. Bc4 Bc5 4. c3 Nf6 5. d3 O-O 6. O-O d5 7. exd5 Nxd5 8.
Re1 Bg4 9. h3 Bxf3 10. Qxf3 Nde7 11. Bg5 Rb8 12. a4 Qe8 13. b4 Bd6 14. Nd2 Qd7
15. Ne4 Rbd8 16. Bf6 Rc8 17. Bg5 Rce8 18. g4 Rc8 19. Nf6+ gxf6 20. Qxf6 e4 21.
Bh6 Be5 22. Qg5+ Ng6 23. Rxe4 Bxc3 24. Rc1 Bb2 25. Rce1 Nd4 26. Re7 Nf3+ 27.
Kg2 Nxe1+ 28. Kh1 28... Qxe7 {Lancelot resigns} 0-1